Teaching the spoken language: an approach based on the analysis of conversational English
Saved in:
| Main Authors: | , |
|---|---|
| Format: | Bog |
| Sprog: | engelsk |
| Udgivet: |
Cambridge
Cambridge University Press
1983
|
| Udgivelse: | 1a. ed |
| Serier: | Cambridge Language Teaching Library
|
| Fag: | |
| Tags: |
Tilføj Tag
Ingen Tags, Vær først til at tagge denne postø!
|
MARC
| LEADER | 00000cam a2200000 a 4500 | ||
|---|---|---|---|
| 001 | UCE9552 | ||
| 003 | CL-VaPUC | ||
| 008 | 151029e19830000uk |||||||||||||||||eng|d | ||
| 020 | |a 9780521273846 | ||
| 082 | 0 | 4 | |a 418 |b BRO |2 21 |
| 100 | |a Brown, Gillian |e author |9 582416 | ||
| 700 | 0 | |a Yule, George |e author |9 582417 | |
| 245 | 1 | 0 | |a Teaching the spoken language: an approach based on the analysis of conversational English |
| 250 | |a 1a. ed | ||
| 300 | |a 162 p | ||
| 942 | |c BK | ||
| 945 | |d 20151029 22:28:00 |a dcastane | ||
| 260 | |a Cambridge |b Cambridge University Press |c 1983 | ||
| 650 | 0 | |a Lingüística |9 265068 | |
| 650 | 0 | |a Adquisición del lenguaje |9 309032 | |
| 650 | 0 | |a Educación lingüística |9 306506 | |
| 583 | |a last modification |c 20151029 22:28:00 |k Rodrigo Vera | ||
| 490 | 0 | |a Cambridge Language Teaching Library | |
| 999 | |c 361216 |d 361214 | ||
| 952 | |0 0 |1 0 |3 erb |4 0 |6 418_000000000000000_BRO_1983 |7 0 |8 A |9 471606 |a BIBEDU |b BIBEDU |c ES_NOD |i 5245680 |o 418 BRO 1983 |p 5245680 |r 2023-08-09 |w 2019-11-24 |y BK |z Catalogado en:20151029 |k LIT | ||
| 952 | |0 0 |1 0 |3 erb |4 0 |6 418_000000000000000_BRO_1983 |7 0 |8 A |9 471607 |a BIBEDU |b BIBEDU |c ES_NOD |i 5246881 |o 418 BRO 1983 |p 5246881 |r 2023-08-09 |w 2019-11-24 |y BK |z Catalogado en:20151029 |k LIT | ||